[Event "AUTO-ADV-3983"]
[Site "http://www.queenalice.com/game.php?id=1517057"]
[Date "2018.2.22"]
[Round "1"]
[White "renato"]
[Black "mjKoviak"]
[Result "1-0"]
[WhiteElo "1835"]
[BlackElo "1765"]

1. e4 c5 2. c4 Nf6 3. d3 Nc6 4. Nf3 e5 5. Bg5 Be7 6. Bxf6 Bxf6 7. Be2 Nd4 8.
Nxd4 cxd4 9. Nd2 O-O 10. Nf3 d6 11. b4 a6 12. a4 b6 13. Nd2 Qe7 14. Qb3 Bb7 15.
a5 b5 16. O-O bxc4 17. Qxc4 Rac8 18. Qb3 Rc3 19. Qb2 Rfc8 20. Rac1 d5 21. f3
dxe4 22. fxe4 Rxc1 23. Rxc1 Rxc1+ 24. Qxc1 Qxb4 25. Nc4 Qc5 26. Bd1 Bd8 27. Qd2
Bc8 28. Kh1 f5 29. exf5 Bxf5 30. Bb3 Be6 31. Qa2 Qb4 32. Qb1 g6 33. h3 Kg7 34.
Bc2 Qxb1+ 35. Bxb1 Bxc4 36. dxc4 Bxa5 37. Kg1 Kf6 38. Kf2 Ke6 39. Ke2 Bb4 40. g4
1-0

[Event "AUTO-ADV-3983"]
[Site "http://www.queenalice.com/game.php?id=1517058"]
[Date "2018.2.22"]
[Round "1"]
[White "mjKoviak"]
[Black "renato"]
[Result "1-0"]
[WhiteElo "1855"]
[BlackElo "1859"]

1. e4 c5 2. Nf3 e6 3. d4 cxd4 4. Nxd4 Nc6 5. Nc3 Nxd4 6. Qxd4 Qf6 7. Qxf6 Nxf6
8. Nb5 Kd8 9. Bd3 a6 10. Nd4 Bc5 11. Nf3 b6 12. O-O Bb7 13. Ng5 Ke8 14. Bd2 h6
15. Nf3 Nxe4 16. Bf4 Nxf2 17. Rxf2 Bxf2+ 18. Kxf2 Bxf3 19. Kxf3 Ke7 20. a4 g5
21. Bc7 Ra7 22. Bxb6 Rb7 23. a5 Ra8 24. c4 d6 25. Be4 d5 26. cxd5 1-0

[Event "AUTO-ADV-3983"]
[Site "http://www.queenalice.com/game.php?id=1517073"]
[Date "2018.2.22"]
[Round "1"]
[White "marcoswerneck"]
[Black "mjKoviak"]
[Result "0-1"]
[WhiteElo "1925"]
[BlackElo "1847"]

1. e4 c5 2. d3 Nc6 3. a3 a5 4. Nf3 e5 5. Nc3 d6 6. Nd5 Nf6 7. Bg5 Be7 8. Qd2
Nxd5 9. exd5 Nd4 10. Bxe7 Nxf3+ 11. gxf3 Qxe7 12. O-O-O O-O 13. Rg1 Qh4 14. Be2
Qxf2 15. d4 exd4 16. h4 Re8 17. Qh6 Qe3+ 18. Qxe3 Rxe3 19. Bd3 Rxf3 20. h5 h6
21. a4 Bf5 22. Be2 Rf2 23. Bd3 Bxd3 24. Rxd3 Rf5 25. Rdg3 Rg5 26. Rxg5 hxg5 27.
Rxg5 Kh7 28. Rg2 Re8 29. b3 Re5 30. Rf2 f6 31. h6 Kxh6 32. Rh2+ Rh5 33. Re2 g5
34. Re6 Kg6 35. Rxd6 g4 36. Rd8 Rh7 37. d6 Kf5 38. Kd2 Ke6 39. d7 Rxd7 40. Rg8
Kf5 41. Ke2 Re7+ 42. Kf2 Kf4 43. Rc8 g3+ 44. Kf1 Kf3 45. Rxc5 g2+ 46. Kg1 Re1+
0-1

[Event "AUTO-ADV-3983"]
[Site "http://www.queenalice.com/game.php?id=1517074"]
[Date "2018.2.22"]
[Round "1"]
[White "mjKoviak"]
[Black "marcoswerneck"]
[Result "1-0"]
[WhiteElo "1892"]
[BlackElo "1831"]

1. e4 e5 2. Nf3 d6 3. Bc4 h6 4. c3 a6 5. d4 Bg4 6. h3 Bd7 7. dxe5 Nc6 8. exd6
Bxd6 9. O-O Qe7 10. Re1 O-O-O 11. Qe2 Ne5 12. Nxe5 Qxe5 13. Kf1 Qh2 14. Qf3 Qh1+
15. Ke2 Qh2 16. Bxf7 Ne7 17. Nd2 Qe5 18. Nc4 Qf6 19. Qxf6 gxf6 20. Nxd6+ cxd6
21. Bf4 f5 22. Kf1 Kc7 23. e5 Kb8 24. exd6 Nc6 25. Be6 Ka8 26. Bxd7 Rxd7 27. Re6
h5 28. Rh6 Rxh6 29. Bxh6 Rxd6 30. Bf4 Re6 31. Re1 Rxe1+ 32. Kxe1 Na5 33. f3 Nc4
34. b3 Nb6 35. g4 Nd5 36. Bd2 hxg4 37. hxg4 fxg4 38. fxg4 Kb8 39. Kf2 Kc8 40.
Kf3 Kd8 41. c4 Ne7 42. Bg5 Ke8 43. Bxe7 Kxe7 44. Kf4 Kf7 45. Kf5 Kg7 46. c5 Kf7
47. g5 Kg7 48. b4 Kf7 49. g6+ Kg7 50. Kg5 Kg8 51. Kf6 Kf8 52. g7+ Kg8 53. a4 1-0

[Event "AUTO-ADV-3983"]
[Site "http://www.queenalice.com/game.php?id=1517083"]
[Date "2018.2.22"]
[Round "1"]
[White "clovis"]
[Black "mjKoviak"]
[Result "0-1"]
[WhiteElo "2126"]
[BlackElo "1866"]

1. e4 c5 2. Nf3 e6 3. d4 cxd4 4. Nxd4 a6 5. Nc3 Qc7 6. Be2 Nc6 7. Nxc6 bxc6 8.
O-O Nf6 9. f4 Bc5+ 10. Kh1 d6 11. Bd3 O-O 12. Qf3 Bb7 13. Be3 Bb6 14. e5 dxe5
15. fxe5 c5 16. Qh3 Qxe5 17. Rxf6 h6 18. Rf2 Rac8 19. Bxh6 gxh6 20. Qxh6 Qg7 21.
Qh4 c4 22. Rf4 Qxg2# 0-1

[Event "AUTO-ADV-3989"]
[Site "http://www.queenalice.com/game.php?id=1519201"]
[Date "2018.3.11"]
[Round "1"]
[White "mjKoviak"]
[Black "Orly"]
[Result "1-0"]
[WhiteElo "1869"]
[BlackElo "1864"]

1. e4 e5 2. Nf3 Nc6 3. Bc4 Be7 4. O-O Nf6 5. d3 b6 6. Re1 d6 7. c3 Bg4 8. h3 Bh5
9. Bb3 O-O 10. d4 exd4 11. cxd4 Bxf3 12. gxf3 Qd7 13. Kg2 a5 14. Bf4 Nh5 15. Bg3
Qd8 16. f4 g6 17. Bd5 Qd7 18. Nc3 Nf6 19. Bc4 Nb4 20. a3 Na6 21. e5 Nh5 22. e6
Qe8 23. exf7+ Rxf7 24. Bxf7+ Qxf7 25. Qe2 Bh4 26. Qe4 Rf8 27. Bxh4 Nxf4+ 28. Kg3
Nh5+ 29. Kh2 Qf4+ 30. Qxf4 Nxf4 31. Re3 h6 32. Bg3 c6 33. Bxf4 Rxf4 34. Re8+ Rf8
35. Rxf8+ Kxf8 36. Ne4 Ke7 37. Re1 Kd7 38. Nf6+ Kd8 39. Re6 1-0

[Event "AUTO-ADV-3989"]
[Site "http://www.queenalice.com/game.php?id=1519202"]
[Date "2018.3.11"]
[Round "1"]
[White "Orly"]
[Black "mjKoviak"]
[Result "1-0"]
[WhiteElo "1848"]
[BlackElo "1872"]

1. e4 c5 2. Bc4 e6 3. d3 Nc6 4. Bd2 a6 5. Nf3 d6 6. Nc3 b5 7. Bb3 Na5 8. a4 b4
9. Ne2 Nxb3 10. cxb3 Nf6 11. Bg5 Be7 12. Qd2 O-O 13. O-O Bb7 14. Rac1 h6 15.
Bxf6 Bxf6 16. Qc2 Be7 17. Rfd1 f5 18. Nd2 fxe4 19. dxe4 e5 20. Nf3 Qe8 21. Ng3
Qf7 22. Nf5 Rad8 23. Rd2 Rd7 24. Qc4 Qxc4 25. Rxc4 Rf6 26. h3 Bf8 27. Ne3 a5 28.
Nd5 Re6 29. Rc1 Bxd5 30. Rxd5 Be7 31. Rcxc5 dxc5 32. Rxd7 Kf7 33. Ra7 Rd6 34.
Nxe5+ Ke6 35. Nc4 Rd3 36. Nxa5 Bd6 37. g3 Ke5 38. Rxg7 Kxe4 39. Kg2 1-0

[Event "AUTO-ADV-3989"]
[Site "http://www.queenalice.com/game.php?id=1519205"]
[Date "2018.3.11"]
[Round "1"]
[White "mjKoviak"]
[Black "jlpbarreto"]
[Result "0-1"]
[WhiteElo "1885"]
[BlackElo "1963"]

1. e4 b5 2. d4 Bb7 3. Nc3 a6 4. Bd3 Nf6 5. Qe2 h6 6. Nf3 e6 7. O-O Be7 8. e5 Nd5
9. Be4 O-O 10. Nxd5 Bxd5 11. Bd3 Nc6 12. b3 Nb4 13. Ba3 Nxd3 14. Bxe7 Qxe7 15.
Qxd3 Kh8 16. c4 bxc4 17. bxc4 Bxf3 18. Qxf3 Rab8 19. Rab1 c6 20. c5 Rb5 21. Qd3
Rfb8 22. a4 Rxb1 23. Rxb1 Rxb1+ 24. Qxb1 Qg5 25. g3 Qd2 26. Qb7 Qxd4 27. Qxa6
Qxe5 28. Qc8+ Kh7 29. a5 Qa1+ 0-1

[Event "AUTO-ADV-3989"]
[Site "http://www.queenalice.com/game.php?id=1519206"]
[Date "2018.3.11"]
[Round "1"]
[White "jlpbarreto"]
[Black "mjKoviak"]
[Result "0-1"]
[WhiteElo "1996"]
[BlackElo "1775"]

1. e4 c5 2. Nf3 a6 3. d4 cxd4 4. Nxd4 e6 5. Bd2 Bc5 6. c3 d6 7. Be2 Qf6 8. Be3
Ne7 9. O-O O-O 10. Nf3 Bxe3 11. fxe3 Nbc6 12. Nbd2 b5 13. Nd4 Qg5 14. N2f3 Qxe3+
15. Kh1 Qxe4 16. Ng5 Qg6 17. Qd2 Nxd4 18. cxd4 Bb7 19. Bd3 Nf5 20. Be4 Ng3+ 21.
hxg3 Bxe4 22. Nxe4 Qxe4 23. Rf4 Qd5 24. b3 e5 25. Rh4 e4 26. Qe3 f5 27. Rf4 g5
28. Rff1 h6 29. Rac1 Ra7 30. Rc2 Raf7 31. Rcf2 Kg7 32. Rc1 f4 33. gxf4 gxf4 34.
Qh3 e3 35. Qg4+ Qg5 36. Qxg5+ hxg5 37. Rfc2 g4 38. Rc6 Rf6 39. Rxa6 f3 40. gxf3
gxf3 41. Rc7+ Kg6 0-1

[Event "AUTO-ADV-4056"]
[Site "http://www.queenalice.com/game.php?id=1538543"]
[Date "2018.8.11"]
[Round "1"]
[White "alencarfell"]
[Black "mjKoviak"]
[Result "1-0"]
[WhiteElo "2020"]
[BlackElo "1752"]

1. d4 d5 2. c4 c6 3. Nc3 e6 4. e3 Nf6 5. a4 Nbd7 6. Nf3 a6 7. Bd3 dxc4 8. Bxc4
b5 9. axb5 cxb5 10. Bxb5 Bb7 11. Ba4 Bd6 12. O-O O-O 13. Re1 Re8 14. e4 Nb6 15.
e5 Bb4 16. exf6 Qxf6 17. Bxe8 1-0

[Event "AUTO-ADV-4056"]
[Site "http://www.queenalice.com/game.php?id=1538544"]
[Date "2018.8.11"]
[Round "1"]
[White "mjKoviak"]
[Black "alencarfell"]
[Result "0-1"]
[WhiteElo "1752"]
[BlackElo "2057"]

1. e4 c6 2. d4 d5 3. e5 Bf5 4. Nf3 e6 5. Be2 c5 6. O-O Nc6 7. c4 Qb6 8. Nc3 cxd4
9. Nxd4 Nxd4 10. cxd5 Nxe2+ 11. Qxe2 Bb4 12. Qb5+ Qxb5 13. Nxb5 Kd7 14. d6 f6
15. Be3 a6 16. Nd4 fxe5 17. Nxf5 exf5 18. Rfd1 Nf6 19. a3 Bxd6 20. Bc5 Ne4 21.
b4 Ke6 22. f3 Nxc5 0-1

[Event "AUTO-ADV-4056"]
[Site "http://www.queenalice.com/game.php?id=1538561"]
[Date "2018.8.11"]
[Round "1"]
[White "mjKoviak"]
[Black "ismaelfln"]
[Result "0-1"]
[WhiteElo "1752"]
[BlackElo "1683"]

1. e4 e5 2. Nf3 Nc6 3. d4 exd4 4. Nxd4 Nxd4 5. Qxd4 c5 6. Qe5+ Qe7 7. Qf4 g5 8.
Qe3 f5 9. exf5 Qxe3+ 10. Bxe3 b6 11. Bc4 Nf6 12. Bxg5 Ne4 13. Bd5 Nxg5 14. Bxa8
Be7 15. Bd5 d6 16. g4 Kf8 17. Nc3 Nh3 18. Ne4 Nf4 19. Bb3 Ba6 20. a3 Ng2+ 0-1